000 00324 a2200133 4500
005 20250605064616.0
020 _a9 780765 607218
082 _a658.45 CLE
100 _aCLEARY, P.J.
245 _aThe Negotiation Handbook
260 _aNew York,
_bM. E. Sharpe,
_c2001.
300 _axi,175.;
_bIndex.
_c20cm.
942 _2ddc
_cBKS
999 _c3170
_d3170